Every team to have played in the top tier of English football. - Statistics

General Stats
  • This quiz has been taken 756 times
  • The average score is 47 of 65
Answer Stats
Answer % Correct
Arsenal
98%
Liverpool
95%
Manchester City
95%
Aston Villa
94%
Manchester United
94%
West Ham United
93%
Chelsea
92%
Everton
92%
Newcastle United
91%
Tottenham Hotspur
90%
Sunderland
89%
Leeds United
88%
West Bromwich Albion
88%
Burnley
87%
Leicester City
87%
Southampton
87%
Wolverhampton Wanderers
87%
Norwich City
86%
Blackburn Rovers
85%
Swansea City
85%
Portsmouth
84%
Derby County
83%
Fulham
83%
Nottingham Forest
83%
AFC Bournemouth
82%
Birmingham City
82%
Cardiff City
82%
Ipswich Town
82%
Sheffield United
82%
Stoke City
82%
Crystal Palace
81%
Sheffield Wednesday
81%
Blackpool
80%
Hull City
80%
Bolton Wanderers
79%
Brighton & Hove Albion
79%
Watford
77%
Middlesbrough
75%
Queens Park Rangers
74%
Wigan Athletic
73%
Wimbledon
73%
Charlton Athletic
72%
Barnsley
71%
Huddersfield Town
71%
Coventry City
69%
Reading
69%
Oldham Athletic
64%
Preston North End
64%
Bristol City
63%
Swindon Town
62%
Notts County
60%
Luton Town
58%
Bradford City
53%
Brentford
51%
Millwall
51%
Oxford United
50%
Accrington
47%
Bury
42%
Carlisle United
38%
Northampton
31%
Leyton Orient
29%
Grimsby Town
25%
Bradford Park Avenue
17%
Darwen
9%
Glossop North End
9%
No matching quizzes found
Score Distribution
Percent of People with Each Score
Percentile by Number Answered
Your Score History
You have not taken this quiz